| 000 | 00688nam a2200229 a 4500 | ||
|---|---|---|---|
| 001 | 26560 | ||
| 003 | CO-ViMGA | ||
| 008 | 141112s2004 ck r 000 u spa d | ||
| 020 | _a9681647092 | ||
| 040 |
_aCO-ViMGA _bspa _cCO-ViMGA |
||
| 090 | _aC FIE1 | ||
| 100 | 1 |
_aFienberg, Anna _95969 |
|
| 245 | 1 | 0 |
_aVico y boa / _cAnna Fienberg ; ilustraciones Rafael Barajas ; traducción Tedi López Mills |
| 250 | _a2 | ||
| 260 |
_aMéxico : _bFondo de Cultura Económica |
||
| 300 | _a113 p. : il. ; 19 cm. | ||
| 490 | _aA la orilla del viento | ||
| 650 | 1 | 4 | _aCUENTOS JUVENILES AUSTRALIANOS |
| 700 | 1 | _aBarajas, Rafael, il. | |
| 700 | 1 |
_aLópez Mills, Tedi, tr. _95971 |
|
| 942 |
_2ddc _cBK |
||
| 999 |
_c11064 _d11064 |
||